Μπαμπάκι στο Χάρλεμ

Αποθηκεύτηκε σε:
Λεπτομέρειες βιβλιογραφικής εγγραφής
Κύριος συγγραφέας: Himes, Chester B., 1909-1984
Μορφή: Βιβλίο
Γλώσσα:Greek
English
Δημοσίευση: Αθήνα : Άγρα, c2003.
Σειρά:Αστυνομική λογοτεχνία (Άγρα)
Θέματα:
Ετικέτες: Προσθήκη ετικέτας
Δεν υπάρχουν, Καταχωρήστε ετικέτα πρώτοι!

MARC

LEADER 00000cam a2200000 i 4500
001 1/69897
008 050302s2003 gr | ||| |||| ||gre||
020 |a 9603254754 
035 |l 10076069 
040 |a GR-MyUa  |b gre  |e AACR2 
041 1 |a gre  |h eng 
082 7 |a 813   |2 (21) 
100 1 |a Himes, Chester B.,   |d 1909-1984. 
245 1 0 |a Μπαμπάκι στο Χάρλεμ /   |c Chester Himes ; επίμετρο Francis Lacassin ; μετάφραση Ανδρέας Αποστολίδης.  
260 |a Αθήνα :   |b Άγρα,   |c c2003. 
300 |a 338 σ. ;   |c 17 εκ. 
490 1 |a (Σειρά αστυνομικής λογοτεχνίας / Άγρα) 
500 |a Τίτλος πρωτοτύπου: Cotton comes to Harlem.  
650 0 |a American fiction. 
830 0 |a Αστυνομική λογοτεχνία (Άγρα) 
852 |a INST  |b SYROS  |e 20050302  |h 813 HIM  |p 005500005427  |q 005500005427  |t BK  |y 0 
901 |a BIBL5-2005-1 
922 |a 5ΕΛΗ  |b 200411  |c 188  |d Πλάστιγγα 
950 |a 188-2004-11-03 
970 |a Τσουκαλά  |b Αλίκη  |z 30/03/2005